Astonished Animals Quiz Stats

 Plays Quiz Updated Sep 24, 2014

Also try: Happy Animals!
Challenge
Share
Tweet
Score 0/24 Timer 04:00
1 Play Today
% Correct
Upset owl
99.7%
Cowardly cow
97.5%
Perturbed pug
95.4%
Spooked seal
94.8%
Bowled over bear
94.6%
Rattled raccoon
94.2%
Horrified hippo
93.8%
Astounded koala
93.4%
Worried walrus
93.1%
Frightened frog
90.4%
Upset eagle
90.3%
Mortified mouse
89.2%
% Correct
Leery leopard
88.3%
Petrified pussy cat
87.9%
Apprehensive ostrich
87.4%
Chilled chipmunk
85.4%
Gobsmacked goat
83.4%
Anxious elephant
77.1%
Faint-hearted lemur
75.5%
Confounded chameleon
75.3%
Offended otter
74.1%
Intimidated gorilla
71.1%
Timid tapir
31.5%
Terrified tarsier
8.5%

You're not logged in!

Compare scores with friends on all Sporcle quizzes.
Join for Free
OR
Log In

You Might Also Like...

Show Comments

Extras

Top Quizzes Today


Score Distribution

Your Account Isn't Verified!

In order to create a playlist on Sporcle, you need to verify the email address you used during registration. Go to your Sporcle Settings to finish the process.

Report this User

Report this user for behavior that violates our Community Guidelines.

Details: